000 00397nam a22001577a 4500
005 20220602105545.0
008 220602b ||||| |||| 00| 0 eng d
040 _aIN-DiNC
_cIN-DiNC
041 _dasm
100 _aAhmed Rafique
_eauthor
245 _aParives arthvijnan
_cby Rafique Ahmed
250 _a1st ed.
260 _aUnika prashan
_bGuwahati
_c2003
300 _a336p.
942 _2ddc
_cBK
999 _c11319
_d11319